| 000 | 00853nam a22001697a 4500 | ||
|---|---|---|---|
| 999 |
_c59243 _d59243 |
||
| 003 | Ge_BSU | ||
| 005 | 20221223103424.0 | ||
| 008 | 221223s1980ge xxu||||| |||| 00| 0 geo d | ||
| 041 | _ageo | ||
| 080 | _a821-312.4 ს-17 | ||
| 245 |
_aსაზღვარგარეთული დეტექტივი / _c[პოლონური, იაპონური და ინგლისური თარგმნა ნ. ძოწენიძემ]. |
||
| 264 |
_aთბილისი : _bსაბჭ. საქართველო, _c1980. |
||
| 300 |
_a532 გვ. ; _b20 სმ. |
||
| 653 | _aღამეული ძიება , ტყვია ალში, წმინდა ინგლისური მკვლელობა | ||
| 700 |
_aძოწენიძე, ნ _eმთარგმნელი _916536 |
||
| 942 |
_2udc _cBK |
||